Geography of Nebraska - Statistics

General Stats
  • This quiz has been taken 54 times
  • The average score is 13 of 20
Answer Stats
Question Answer % Correct
What is the state capital of Nebraska? Lincoln
98%
What is the largest city in Nebraska, famous for steaks? Omaha
98%
What famous land purchase included modern-day Nebraska? {Louisiana} Purchase
93%
What state does Nebraska share the longest border with? South Dakota
93%
What river forms Nebraska's eastern border? Missouri River
88%
What is the nickname of Nebraska? (hint: think of its most important crop) The {Cornhusker} State
86%
What type of legislature does Nebraska uniquely have among the 50 states? {Uni}cameral
81%
What Fortune 100 company is based in Nebraska and led by Warren Buffett? {Berkshire} Hathaway
77%
What tributary of the above flows through the middle of Nebraska? Platte River
77%
What tall landmark in Nebraska was an important waypoint for the Oregon Trail? {Chimney} Rock
72%
What is the largest suburb of that city? (hint: French) Bellevue
60%
What region of grassy dunes makes up northern Nebraska? The {Sand} Hills
56%
What statistic did Nebraska have at 1.9% in 2021, the lowest in U.S. history? Unemployment
56%
What city has hosted the Nebraska State Fair since 2011? Grand Island
53%
What underground aquifer of the Great Plains is Nebraska located on top of? {Ogallala} Aquifer
51%
What Nebraska city is known for being a resting place for cranes? Kearney
49%
What is the largest city in Nebraska's western panhandle? Scottsbluff
47%
What major airport is almost cut off from Nebraska by Carter Lake, Iowa? {Eppley} Airfield
37%
What is the state insect of Nebraska? Honeybee
35%
What Nebraska village has only one resident? (starts with M) Monowi
30%
No matching quizzes found
Score Distribution
Percent of People with Each Score
Percentile by Number Answered
Your Score History
You have not taken this quiz